Budget, Punjab, 1975-76 (Record no. 507616)

000 -LEADER
fixed length control field 00264nam a2200109 4500
082 ## - DEWEY DECIMAL CLASSIFICATION NUMBER
Classification number L1x5433 1975-76
100 ## - MAIN ENTRY--PERSONAL NAME
Personal name Government of Punjab
9 (RLIN) 2065
245 ## - TITLE STATEMENT
Title Budget, Punjab, 1975-76
260 ## - PUBLICATION, DISTRIBUTION, ETC. (IMPRINT)
Place of publication, distribution, etc Chandigarh
Name of publisher, distributor, etc Government Press
Date of publication, distribution, etc 1975
300 ## - PHYSICAL DESCRIPTION
Extent v.p.
942 ## - ADDED ENTRY ELEMENTS (KOHA)
Source of classification or shelving scheme
Holdings
Withdrawn status Lost status Source of classification or shelving scheme Damaged status Koha normalized classification for sorting Not for loan Permanent location Current location Date acquired Full call number Barcode Date last seen Price effective from Koha item type
        L_1X5433_197576   Indian Institute of Public Administration Indian Institute of Public Administration 2019-02-19 L1x5433 1975-76 GG34213 2019-02-19 2019-02-19 GG

Powered by Koha